000 00423nam a2200157Ia 4500
008 100122s9999 xx 000 0 und d
082 _b76766
_aB823.08
100 _aBLYTON ENID
245 _aENID BLYTON- THE WISHING CHAIR COLLECTION
250 _a1
260 _c2006
300 _a505
630 _aENID BLYTON- THE WISHING CHAIR COLLECTION
730 _aENID BLYTON- THE WISHING CHAIR COLLECTION
942 _cBOOK
999 _c393572
_d393569